Sports Quiz

Random Sports or NFL Quiz

Top 10 Falcons Quiz Stats

 Plays Quiz not verified by Sporcle

Challenge
Share
Tweet
Embed
Score 0/60 Timer 07:00
0 Plays Today
Category Player % Correct
Passing YardsMatt Ryan
100%
2 Point ConversionsMatt Ryan
100%
ReceptionsRoddy White
95.9%
2 Point ConversionsRoddy White
95.9%
Rushing TouchdownsMichael Turner
89.2%
Passing YardsMichael Vick
86.5%
Rushing TouchdownsMichael Vick
86.5%
ReceptionsTony Gonzalez
79.7%
2 Point ConversionsTony Gonzalez
79.7%
Passing YardsChris Chandler
68.9%
Rushing TouchdownsJamal Anderson
68.9%
Rushing TouchdownsWarrick Dunn
68.9%
2 Point ConversionsJamal Anderson
68.9%
Passing YardsSteve Bartkowski
62.2%
Rushing TouchdownsWilliam Anderson
60.8%
Forced FumblesJohn Abraham
51.4%
Rushing TouchdownsT.J. Duckett
43.2%
ReceptionsMichael Jenkins
41.9%
2 Point ConversionsMichael Jenkins
41.9%
ReceptionsAlge Crumpler
40.5%
2 Point ConversionsAlge Crumpler
40.5%
Passing YardsRandy Johnson
37.8%
ReceptionsAlfred Jenkins
36.5%
Forced FumblesKeith Brooking
36.5%
Games PlayedKeith Brooking
36.5%
Rushing TouchdownsGerald Riggs
35.1%
ReceptionsTerance Mathis
35.1%
ReceptionsAndre Rison
35.1%
2 Point ConversionsTerance Mathis
35.1%
2 Point ConversionsAndre Rison
35.1%
Category Player % Correct
Passing YardsJeff George
32.4%
Games PlayedTodd McClure
32.4%
Forced FumblesChuck Smith
29.7%
Forced FumblesJessie Tuggle
29.7%
Games PlayedJessie Tuggle
29.7%
Passing YardsChris Miller
27%
Forced FumblesPatrick Kerney
27%
Forced FumblesWilliam Moore
27%
ReceptionsWilliam Andrews
24.3%
2 Point ConversionsBrian Finneran
23%
Games PlayedJeff Van Note
21.6%
Games PlayedMike Kenn
21.6%
Forced FumblesJonathan Babineaux
14.9%
Passing YardsBob Berry
9.5%
Games PlayedBob Whitfield
9.5%
2 Point ConversionsShawn Jefferson
9.5%
ReceptionsMichael Haynes
8.1%
Forced FumblesRoderick Coleman
8.1%
Passing YardsDavid Archer
6.8%
ReceptionsJim Mitchell
6.8%
Games PlayedBobby Butler
6.8%
Games PlayedJim Mitchell
6.8%
Rushing TouchdownsHaskel Stanback
5.4%
Rushing TouchdownsLynn Cain
5.4%
Games PlayedScott Case
5.4%
Passing YardsBobby Herbet
4.1%
Rushing TouchdownsArt Malone
4.1%
Forced FumblesLester Archambeau
4.1%
Forced FumblesTony Casillas
4.1%
Games PlayedGreg Brezina
4.1%

You're not logged in!

Compare scores with friends on all Sporcle quizzes.
OR
Log In

You Might Also Like...

Show Comments

Extras

Created Jul 15, 2014SourceReportNominate
Tags:NFL Quiz, stat

Top Quizzes Today


Score Distribution

Your Account Isn't Verified!

In order to create a playlist on Sporcle, you need to verify the email address you used during registration. Go to your Sporcle Settings to finish the process.

Report this User

Report this user for behavior that violates our Community Guidelines.

Details: